| 000 | 00556nam a22001937a 4500 | ||
|---|---|---|---|
| 005 | 20260622163350.0 | ||
| 010 | _aENG-148909 | ||
| 020 |
_a9789393270696 _c750.00 |
||
| 035 | _aEN-132441 | ||
| 037 | _bDBAD | ||
| 082 | _a025.1 | ||
| 100 | _aPrashant kumar | ||
| 245 |
_aEssential of Public Library Management/ _cPrashant Kumar |
||
| 250 | _a1 | ||
| 260 |
_aDelhi _bDiamond Creation _c2024 |
||
| 270 |
_a21 north, Basti harphool singh Sadar Thana Road, _bDelhi _e110006 |
||
| 300 |
_a145p. _c22cm(Hb) |
||
| 942 |
_2ddc _cEN _h025.1 _mPRA |
||
| 999 |
_c216767 _d216767 |
||